<?xml version="1.0" encoding="UTF-8"?>
<collection xmlns="http://www.loc.gov/MARC21/slim">
 <record>
  <leader>00494pamaa2200181   4500</leader>
  <controlfield tag="001">0000034222</controlfield>
  <controlfield tag="005">20060623090000.0</controlfield>
  <datafield tag="020" ind1="0" ind2="0">
   <subfield code="a">0838514707 </subfield>
  </datafield>
  <datafield tag="082" ind1=" " ind2=" ">
   <subfield code="a">617.96 MOR 1996</subfield>
  </datafield>
  <datafield tag="090" ind1="0" ind2="0">
   <subfield code="a">RD81 </subfield>
   <subfield code="b">MOR 1996</subfield>
  </datafield>
  <datafield tag="100" ind1="1" ind2="0">
   <subfield code="a">MORGAN </subfield>
  </datafield>
  <datafield tag="245" ind1="1" ind2="0">
   <subfield code="a">Clinical anesthesiology  </subfield>
   <subfield code="c">G. Edward Morgan, Maged S. Mikhail.</subfield>
  </datafield>
  <datafield tag="250" ind1="0" ind2="0">
   <subfield code="a">2nd ed.</subfield>
  </datafield>
  <datafield tag="260" ind1="0" ind2="0">
   <subfield code="a">New York: </subfield>
   <subfield code="b">McGraw-Hill, </subfield>
   <subfield code="c">1996.</subfield>
  </datafield>
  <datafield tag="300" ind1=" " ind2=" ">
   <subfield code="a">ix, 881p.: </subfield>
   <subfield code="b">ill.; </subfield>
   <subfield code="c">25cm.</subfield>
  </datafield>
  <datafield tag="440" ind1="0" ind2="0">
   <subfield code="a">A Lange Medical Book</subfield>
  </datafield>
  <datafield tag="650" ind1="0" ind2="0">
   <subfield code="a">Anesthesiology </subfield>
  </datafield>
  <datafield tag="700" ind1="1" ind2="1">
   <subfield code="a">Mikhail, </subfield>
   <subfield code="h">Maged S </subfield>
  </datafield>
 </record>
</collection>
